| 000 -ლიდერი |
| ფიქსირებული სიგრძის საკონტროლო ველი |
01197nam a22002057a 4500 |
| 003 - საკონტროლო ნომრის იდენტიფიკატორი |
| საკონტროლო ველი |
Ge_BSU |
| 005 - ბოლო ოპერაციის თარიღი და დრო |
| საკონტროლო ველი |
20251120143414.0 |
| 008 - ფიქსირებული სიგრძის მონაცემთა ელემენტები - ზოგადი ინფორმაცია |
| ფიქსირებული სიგრძის საკონტროლო ველი |
251120s1976 ge ||||| |||| 00| 0 geo d |
| 041 ## - ენის კოდი |
| Language code of text/sound track or separate title |
geo |
| 080 ## - უნივერსალური ათობითი კლასიფიკაციის ინდექსი |
| Universal Decimal Classification number |
911.3:33(47+57)(072) ს-88 |
| 100 ## - მთავარი ჩანაწერი - პიროვნების სახელი |
| Personal name |
სტროევი, კ.თ. |
| 9 (RLIN) |
26281 |
| 245 ## - ცნობა სათაურის შესახებ |
| Title |
სსრ კავშირის ეკონომიური გეოგრაფიის სწავლების მეთოდიკა : |
| Remainder of title |
დამხმ. სახელმძღვ. მასწავლებელთათვის / |
| Statement of responsibility, etc |
კ.თ. სტროევი, მ.კ. კოვალევსკაია, ვ.ი. რომი. |
| 264 ## - წარმოების, გამოცემის, დისტრიბუციის და სხვა ცნობები |
| გამოცემის, წარმოების, დისტრიბუციის... ადგილი |
თბილისი : |
| გამოცემის, წარმოების, დისტრიბუციის... სახელწოდება |
განათლება, |
| გამოცემის, წარმოების, დისტრიბუციის... თარიღი |
1976. |
| 300 ## - ფიზიკური აღწერა |
| Extent |
311 გვ. : |
| Other physical details |
ილ. ; |
| Dimensions |
22 სმ. |
| 500 ## - ზოგადი შენიშვნა |
| General note |
ლიტ. სია: გვ. 308-309. |
| 653 ## - INDEX TERM--UNCONTROLLED |
| Uncontrolled term |
სსრ კავშირის ეკონომიური გეოგრაფიის სწავლების მეთოდიკა |
| 700 ## - ADDED ENTRY--PERSONAL NAME |
| Personal name |
კოვალევსკაია, მ.კ. |
| Relator term |
ავტორი |
| 9 (RLIN) |
26282 |
| 700 ## - ADDED ENTRY--PERSONAL NAME |
| Personal name |
რომი, ვ.ი. |
| Relator term |
ავტორი |
| 9 (RLIN) |
26283 |
| 942 ## - ADDED ENTRY ELEMENTS (KOHA) |
| Source of classification or shelving scheme |
|
| Koha item type |
წიგნი |